000 00437nam a22001457a 4500
008 230602b xxu||||| |||| 00| 0 eng d
020 _a9789966194763
082 _a796.334
_bGAC
100 _cRoy Gachuhi
245 _aKickoff
_bThe Game, The Glory and The Greats of Kenyan Football
260 _aNairobi, Kenya
_bKenya Yearbook Editorial Board
300 _a162p
440 _pKenya Yearbook Editorial Board Sports Series
942 _2ddc
_cBK
999 _c95
_d95